[Event "Alicante Easter op 7th"]
[Site "La Nucia"]
[Date "2023.04.06"]
[Round "2"]
[White "Plazuelo Pascual, Juan"]
[Black "Piqueras Guardiola, Francisco"]
[Result "1-0"]
[WhiteElo "2449"]
[BlackElo "2105"]
[PlyCount "43"]
[EventDate "2023.04.05"]
[EventType "swiss"]
[EventRounds "9"]
[EventCountry "ESP"]
[SourceTitle "CBM 213 Extra"]
[Source "ChessBase"]
[SourceDate "2023.05.31"]
[SourceVersion "1"]
[SourceVersionDate "2023.05.31"]
[SourceQuality "1"]

1. d4 Nf6 2. c4 e6 3. Nf3 c5 4. d5 exd5 5. cxd5 d6 6. Nc3 g6 7. e4 Bg7 8. Be2 0-0 9. Be3 Ng4 10. Bg5 Qb6 11. Qb3 Re8 12. Nd2 Na6 13. Qxb6 axb6 14. Nc4 Nb4 15. 0-0 Bxc3 16. bxc3 Rxe4 17. cxb4 Rxe2 18. Nxb6 Ra6 19. Nxc8 Re8 20. b5 Ra5 21. Nxd6 Re5 22. Nc4 1-0

[Event "ESP-ch U18"]
[Site "Granada"]
[Date "2016.07.28"]
[Round "6"]
[White "Piqueras Guardiola, Francisco"]
[Black "Domingo Nunez, Ruben"]
[Result "1-0"]
[WhiteElo "2066"]
[BlackElo "2272"]
[PlyCount "85"]
[EventDate "2016.07.25"]
[EventType "swiss"]
[EventRounds "9"]
[EventCountry "ESP"]
[SourceTitle "EXT 2024"]
[Source "ChessBase"]
[SourceDate "2023.10.10"]
[SourceVersion "1"]
[SourceVersionDate "2023.10.10"]
[SourceQuality "1"]

1. d4 Nf6 2. Bf4 e6 3. e3 b6 4. Nf3 Bb7 5. Nbd2 d6 6. Be2 Nbd7 7. 0-0 Qe7 8. h3 g6 9. c3 Bg7 10. Qc2 0-0 11. Rfd1 Kh8 12. Bh2 Ne8 13. b4 e5 14. dxe5 dxe5 15. Nc4 f5 16. Qa4 Rf7 17. Qb3 Rf8 18. Rd2 e4 19. Nd4 c5 20. Nb5 cxb4 21. Rad1 Bc6 22. Nd4 Nc5 23. Nxc6 Nxb3 24. Nxe7 Nxd2 25. Nxd2 bxc3 26. Nb3 Rf7 27. Nd5 Rc8 28. Rc1 c2 29. Nb4 Nf6 30. Rxc2 Rxc2 31. Nxc2 Nd7 32. Bd6 Be5 33. Ba3 Nf6 34. Ncd4 a5 35. Nb5 Nd5 36. N3d4 Rd7 37. Bc4 Nc7 38. Na7 Bxd4 39. exd4 Nd5 40. Nb5 f4 41. Bd6 Nf6 42. Be6 Rd8 43. Be7 1-0

[Event "Almansa op-B"]
[Site "Almansa"]
[Date "2014.08.09"]
[Round "8"]
[White "Piqueras Guardiola, Francisco"]
[Black "Boj Marques, Javier"]
[Result "1/2-1/2"]
[WhiteElo "1830"]
[BlackElo "1950"]
[PlyCount "102"]
[EventDate "2014.08.05"]
[EventType "swiss"]
[EventRounds "9"]
[EventCountry "ESP"]
[SourceTitle "EXT 2019"]
[Source "ChessBase"]
[SourceDate "2018.10.10"]
[SourceVersion "1"]
[SourceVersionDate "2018.10.10"]
[SourceQuality "1"]

1. d4 e6 2. c4 Bb4+ 3. Nc3 c5 4. Nf3 d6 5. a3 Bxc3+ 6. bxc3 Nd7 7. e4 e5 8. Be3 Ngf6 9. Bd3 0-0 10. 0-0 Re8 11. d5 Nf8 12. Nd2 Ng6 13. f3 Nh5 14. Re1 Bd7 15. g3 Nf6 16. Bf1 Qc8 17. Nb3 Ba4 18. Qb1 Qc7 19. Nc1 Rf8 20. Nd3 Rae8 21. Bh3 Bd7 22. Bxd7 Nxd7 23. Qb5 f6 24. Reb1 Rb8 25. a4 Nh8 26. a5 Nf7 27. Ne1 Nd8 28. Nc2 f5 29. exf5 Rxf5 30. Kg2 a6 31. Qa4 h6 32. Ne1 Nf7 33. Qc2 Rf6 34. Nd3 Re8 35. Nf2 Nd8 36. Ng4 e4 37. Nxf6+ Nxf6 38. Rf1 Qf7 39. fxe4 Qg6 40. Rf4 Nf7 41. Raf1 Ne5 42. Qe2 Neg4 43. Bg1 Ne5 44. Re1 Re7 45. Rff1 Qe8 46. Be3 Nf7 47. Bf4 Qa4 48. Qd3 Qxa5 49. Bxd6 Nxd6 50. e5 Qa2+ 51. Kh1 Ng4 1/2-1/2

[Event "Almansa op-B"]
[Site "Almansa"]
[Date "2014.08.08"]
[Round "7"]
[White "Diaz Rodriguez, Jose Antonio"]
[Black "Piqueras Guardiola, Francisco"]
[Result "1-0"]
[WhiteElo "1989"]
[BlackElo "1830"]
[PlyCount "121"]
[EventDate "2014.08.05"]
[EventType "swiss"]
[EventRounds "9"]
[EventCountry "ESP"]
[SourceTitle "EXT 2019"]
[Source "ChessBase"]
[SourceDate "2018.10.10"]
[SourceVersion "1"]
[SourceVersionDate "2018.10.10"]
[SourceQuality "1"]

1. e4 c5 2. Nf3 Nc6 3. Nc3 g6 4. Bb5 Bg7 5. 0-0 Nf6 6. d3 0-0 7. Bg5 d6 8. Bxc6 bxc6 9. Qd2 Qb6 10. Rab1 Re8 11. Bh6 Bh8 12. h3 Nd7 13. Nd1 Ne5 14. Nxe5 Bxe5 15. f4 Bd4+ 16. Kh1 e6 17. c3 Bg7 18. Bxg7 Kxg7 19. Ne3 Qd8 20. Qf2 f5 21. g4 Rf8 22. Rg1 fxe4 23. dxe4 Qf6 24. Rbf1 Ba6 25. g5 Qe7 26. Rd1 Rf7 27. Rd2 Raf8 28. Rg4 Bc8 29. Qh4 Rd8 30. Rgg2 Qf8 31. Rdf2 Ba6 32. c4 d5 33. Ng4 Bxc4 34. f5 exf5 35. exf5 Rd6 36. fxg6 Rxg6 37. Nf6 Qh8 38. Nh5+ Kf8 39. Qg3 Re6 40. Nf6 h5 41. Qf3 d4 42. Nd7+ Ke8 43. Qxf7+ Kd8 44. Qxe6 Bxe6 45. Rf8+ Qxf8 46. Nxf8 Bd5 47. Ne6+ Bxe6 48. g6 Ke7 49. g7 Bg8 50. Kg1 c4 51. Kf2 Kf6 52. Ke2 c3 53. bxc3 dxc3 54. Kd1 Kf7 55. Kc2 Bh7+ 56. Kxc3 Kg8 57. Kd4 Bf5 58. Ke5 Bxh3 59. Rg5 c5 60. Kf6 c4 61. Rxh5 1-0

[Event "Almansa op-B"]
[Site "Almansa"]
[Date "2014.08.08"]
[Round "6"]
[White "Piqueras Guardiola, Francisco"]
[Black "Moreno Brocalero, Jorge"]
[Result "1-0"]
[WhiteElo "1830"]
[BlackElo "1960"]
[PlyCount "85"]
[EventDate "2014.08.05"]
[EventType "swiss"]
[EventRounds "9"]
[EventCountry "ESP"]
[SourceTitle "EXT 2019"]
[Source "ChessBase"]
[SourceDate "2018.10.10"]
[SourceVersion "1"]
[SourceVersionDate "2018.10.10"]
[SourceQuality "1"]

1. d4 e6 2. c4 d5 3. Nc3 Nf6 4. Bg5 Be7 5. Nf3 b6 6. e3 Bb7 7. Rc1 0-0 8. cxd5 exd5 9. Bd3 c5 10. 0-0 c4 11. Bb1 a6 12. Ne5 b5 13. Qf3 Ra7 14. Qh3 Ne4 15. Nxe4 dxe4 16. Bf4 g5 17. Bg3 Qc8 18. Qxc8 Rxc8 19. f3 f6 20. Ng4 exf3 21. gxf3 h5 22. Nh6+ Kg7 23. Nf5+ Kf7 24. Nxe7 Kxe7 25. Bf5 Nd7 26. e4 a5 27. Rc2 Ba6 28. Rfc1 b4 29. Be1 Rb8 30. Rg2 Rg8 31. h4 Raa8 32. Kh2 gxh4 33. Rxg8 Rxg8 34. Bxh4 Kd6 35. Bg3+ Ke7 36. Bc7 a4 37. Ba5 Rb8 38. Rg1 Kd6 39. e5+ fxe5 40. Rg6+ Kd5 41. Bxd7 exd4 42. Bc7 Rf8 43. Rg5+ 1-0

[Event "Almansa op-B"]
[Site "Almansa"]
[Date "2014.08.06"]
[Round "3"]
[White "Idiazabal Troyas, Aritz"]
[Black "Piqueras Guardiola, Francisco"]
[Result "1-0"]
[WhiteElo "1979"]
[BlackElo "1830"]
[PlyCount "85"]
[EventDate "2014.08.05"]
[EventType "swiss"]
[EventRounds "9"]
[EventCountry "ESP"]
[SourceTitle "EXT 2019"]
[Source "ChessBase"]
[SourceDate "2018.10.10"]
[SourceVersion "1"]
[SourceVersionDate "2018.10.10"]
[SourceQuality "1"]

1. e4 c5 2. Nf3 Nc6 3. d3 g6 4. g3 Bg7 5. Bg2 d6 6. 0-0 Nf6 7. c3 0-0 8. Nbd2 e5 9. Ne1 Ng4 10. h3 Nh6 11. g4 f5 12. exf5 gxf5 13. gxf5 Nxf5 14. Ne4 Qe8 15. Kh2 b6 16. Rg1 d5 17. Ng3 Be6 18. Nh5 Nce7 19. c4 dxc4 20. Bxa8 Qxa8 21. Bg5 Ng6 22. Nxg7 Nxg7 23. Qe2 cxd3 24. Qxd3 Rxf2+ 25. Rg2 Rf8 26. Rd1 Qc8 27. h4 Nf4 28. Bxf4 Rxf4 29. Qg3 Bg4 30. Nd3 h5 31. Nxf4 exf4 32. Qb3+ c4 33. Qc3 Qc7 34. Rd5 f3+ 35. Rg3 Qe7 36. Qe5 Qb4 37. Rd8+ Kh7 38. Qe4+ Bf5 39. Rxg7+ Kxg7 40. Qe5+ Kg6 41. Rd6+ Qxd6 42. Qxd6+ Kf7 43. Qd5+ 1-0